Chromosomes today (Record no. 36719)

MARC details
000 -LEADER
fixed length control field 00377nam a2200145Ia 4500
082 ## - DEWEY DECIMAL CLASSIFICATION NUMBER
Classification number 576.316(06)
Item number BEN.7
245 #0 - TITLE STATEMENT
Title Chromosomes today
260 ## - PUBLICATION, DISTRIBUTION, ETC. (IMPRINT)
Place of publication London
Name of publisher George Allen & Unwin
Year of publication 1981
650 ## - SUBJECT ADDED ENTRY--TOPICAL TERM
Topical Term Chromosome
650 ## - SUBJECT ADDED ENTRY--TOPICAL TERM
Topical Term Cytogenetics
650 ## - SUBJECT ADDED ENTRY--TOPICAL TERM
Topical Term Induced chromosome variation
700 ## - ADDED ENTRY--PERSONAL NAME
Personal name BENNETT, M D
942 ## - ADDED ENTRY ELEMENTS (KOHA)
Koha item type Books
Holdings
Withdrawn status Lost status Damaged status Not for loan Home library Current library Date acquired Full call number Accession Number Koha item type
        RRII Library RRII Library 16/12/2021 576.316(06) BEN.7 17120 Books